| 000 | 00645nam a22002297a 4500 | ||
|---|---|---|---|
| 005 | 20230121115740.0 | ||
| 008 | 230121b ||||| |||| 00| 0 eng d | ||
| 040 | _cAL | ||
| 041 | _aEnglish | ||
| 082 |
_223 _a335.02 _bMORU |
||
| 100 |
_aThomas More _969595 |
||
| 245 | _aUtopia | ||
| 260 |
_aMadras _bThe Macmillan Company of India Limited _c1980 |
||
| 300 |
_axxxii,195 p. _bPB _c18x12 cm. |
||
| 650 |
_aUtopias _969596 |
||
| 650 |
_aConsolation _969597 |
||
| 650 |
_aEnglish language _969598 |
||
| 650 |
_aEnglish literature--Examinations _969599 |
||
| 700 |
_aMORE (Thomas) _969600 |
||
| 700 |
_aRENGASAMY(P) _969601 |
||
| 942 |
_2ddc _cDB |
||
| 999 |
_c226401 _d226401 |
||